000 00975nam a2200313Ia 4500
003 OSt
005 20221006160228.0
006 a|||||r|||| 00| 0
007 ta
008 221006b |||||||| |||| 00| 0 eng d
020 _a9780765606952
_c
_48.95
024 _a44,675
037 _bGift, Window on Korea
_cTextual
040 _aEASL
_cEASL
_beng
041 _2eng
_aeng
082 _aV495:19(zM).N53, P1
100 _aMcCann David R. Ed.
245 0 _aWar and Democracy
_b A comparative of the Korean war and the peloponnesian war
260 _aNew York
_bM.E.Sharpe
_c2001
300 _a388p.
_ccm.
490 _v KEL
650 _a Democracy
650 _a Greece- history- Peloponnesian war
_9672525
650 _a Korean war
650 _aKEL
700 _a Strauss Barry S. Ed.
_9672526
942 _hV495:19(zM).N53, P1
_cTEXL
_2CC
999 _c1112767
_d1112767